Statistics for The Only U.S. State ...

Click here to take the quiz!

General Stats

  • This quiz has been taken 19,289 times
    (19,219 since last reset)
  • The average score is 12 of 22

Answer Stats

The only U.S. state that ... State % Correct
starts with the letter PPennsylvania
98%
has over 35 million peopleCalifornia
96%
borders four Great LakesMichigan
87%
was formerly owned by RussiaAlaska
87%
was named after a presidentWashington
82%
borders only one other stateMaine
79%
starts with two vowelsIowa
74%
is more than 40% HispanicNew Mexico
74%
allows prostitutionNevada
71%
is the birthplace of 8 PresidentsVirginia
66%
has been controlled by six different countriesTexas
58%
seceded from another stateWest Virginia
54%
grows coffeeHawaii
48%
has parishes instead of countiesLouisiana
45%
ends in KNew York
43%
has a capital with a city proper
population over 1 million
Arizona
29%
has the sunflower as its state flowerKansas
25%
has water which can flow into the Atlantic,
Pacific or Hudson Bay
Montana
21%
didn't vote for Reagan in 1984Minnesota
19%
has a unicameral legislatureNebraska
12%
has a totally irregular demonymIndiana
10%
has a double-sided flagOregon
9%

Score Distribution

Percentile by Number Answered

Percent of People with Each Score

Your Score History

You have not taken this quiz since the last reset